00325pab a2200121 454500008004000000100002400040245003200064260000900096300001000105362000900115650003100124773004800155180718b1985 xxu||||| |||| 00| 0 eng d aNieuwenhuysen, John aRevenue raising in Victoria c1985 a29-33 aMar. aFinance, Public - Victoria aAustralian Journal of Public Administration